[Event "70th RUS-ch Women Higher League 2020"]
[Site "Sochi"]
[Date "2020.10.11"]
[Round "4.8"]
[White "Nasyrova, Ekaterina"]
[Black "Solozhenkina, Elizaveta"]
[Result "1/2-1/2"]
[WhiteElo "2171"]
[BlackElo "2301"]
[Annotator "TA"]
[PlyCount "121"]
[EventDate "2020.10.08"]
[EventType "swiss"]
[EventCountry "RUS"]
[SourceTitle "playchess.com"]
[Source "ChessBase"]
[SourceQuality "1"]

{[%evp 10,121,25,29,62,36,45,43,53,51,53,59,59,54,62,56,62,54,57,51,65,47,39,5,6,10,62,55,55,51,64,44,42,17,45,27,33,29,71,12,13,-58,-45,-41,-61,-43,-34,-69,-54,-69,-69,-126,-123,-111,-125,-135,-124,-202,-194,-166,-33,-87,-80,-85,-74,-102,-80,-81,0,-37,0,-82,-84,-97,-34,-147,-147,-147,-147,-328,-328,-328,-328,-327,-229,-220,-90,-90,-90,-90,-90,-90,-90,-1127,-1072,-1023,-1002,-997,-844,-6512,-5310,-29955,-29956,-29962,-84,-84,-84,-88,-93,-100,-108,-108,-8,-8]} 1. Nf3 Nc6 2. d4 d5 3. c4 Bg4 4. Nc3 e6 5. cxd5 exd5 6. Bf4 Bb4 {D07: Queen's Gambit: Chigorin Defence.} 7. e3 Nge7 8. Rc1 O-O {White is slightly better.} 9. Be2 Ng6 10. Bg3 f5 11. O-O Bxc3 12. Rxc3 f4 13. exf4 Nxf4 14. Bb5 Ne7 15. Re1 Neg6 16. Qb3 c6 17. Bf1 {[#]} Bxf3 $146 (17... Qb6 $11) ({Predecessor:} 17... Qb6 18. Rce3 Qxb3 19. Rxb3 Bxf3 20. Rxf3 Nh3+ 21. Kh1 Rxf3 22. gxf3 Nhf4 23. b4 {½-½ (23) Gutman,G (2501)-Biolek,R (2409) Pardubice 2011}) 18. Rxf3 $14 Qd7 19. Rfe3 Rf7 20. Qc2 Raf8 21. b4 a6 22. a4 Nh5 23. Bd3 Qg4 24. Bxg6 (24. Be2 $16 Qg5 25. Bxh5 Qxh5 26. b5) 24... hxg6 $11 25. Be5 (25. Qd3 $11) 25... Rxf2 $15 26. Qxf2 Rxf2 27. Kxf2 Nf4 {[%csl Gf4][%cal Rg4g2]} 28. g3 Ne6 29. Kg2 Qf5 30. Rc1 ({White should play} 30. R1e2 $15) 30... Kh7 $17 31. h4 g5 {Strongly threatening ...gxh4.} 32. hxg5 Nxg5 33. b5 (33. Rh1+ $17 {was worth a try.} Kg8 34. Rc1) 33... axb5 $19 34. axb5 Ne4 ({Black should try} 34... Qh3+ $19 35. Kg1 cxb5) 35. Rh1+ (35. Rf3 $15 Qe6 36. bxc6 bxc6 37. Rb3) 35... Kg6 $1 $17 36. Rf3 Qg5 37. Bf4 Qf6 $1 {[%cal Rf6d4]} 38. Be5 Qg5 39. Bf4 Qf6 40. Be5 Qe6 $1 41. Rh8 c5 (41... cxb5 $17 42. Rff8 Nf6 43. Bxf6 gxf6) 42. Rff8 (42. Rh4 $15) 42... cxd4 $1 43. Bxd4 Qg4 44. Rf3 $2 (44. Bf2 $17 {only move.}) 44... Ng5 $1 $19 {[%csl LRd4,LRf3][%mdl 64] Discovered Attack} 45. Rf4 Qe2+ {[%mdl 64] Double Attack} 46. Bf2 Qxb5 47. Rhh4 Ne6 (47... Qc6 $1 $19 {is more deadly. aiming for ...d4+.} 48. Bd4 Ne6) 48. Rb4 $17 Qe2 {Threatens to win with ...d4.} 49. Rb6 Kf5 {Hoping for ...d4.} 50. Rxb7 d4 51. Rb1 $2 {[%mdl 8192]} (51. Rd7 $17) 51... d3 $19 52. Re1 Qc2 53. Rhe4 Qc6 {...Ng5 is the strong threat.} 54. g4+ Kf6 55. Kf1 {[#]} Ng5 $1 {[%cal Rg5e4]} 56. Bh4 {[#]} d2 $2 (56... Kg6 $1 {mates} 57. Bxg5 Kxg5 58. Re5+ Kf4 59. Rf5+ Kxg4 60. Rf8 d2 61. Rd1 Qc4+ 62. Kf2 Qc5+ {[%mdl 64] Double Attack} 63. Ke2 Qxf8 64. Rg1+ Kh3 65. Rh1+ Kg2 66. Ra1 Qf2+ 67. Kd3 g5 68. Rd1 Qe1 69. Kc2 g4 70. Rxd2+ Qxd2+ 71. Kxd2 Kf2 72. Kc3 g3 73. Kd4 Kf3 74. Kd3 g2 75. Kd4 g1=Q+ 76. Ke5 Qc5+ 77. Ke6 Kf4 78. Kf6 Qe5+ 79. Kf7 Kf5 80. Kg8 Kf6 81. Kh7 Qc7+ 82. Kh8 Qg7#) 57. Re6+ $17 Qxe6 58. Rxe6+ Kxe6 59. Ke2 Ne4 60. Bd8 g5 (60... Kd5 $17) 61. Bxg5 {Accuracy: White = 55%, Black = 65%.} 1/2-1/2

[Event "70th RUS-ch Women Higher League 2020"]
[Site "Sochi"]
[Date "2020.10.11"]
[Round "4.9"]
[White "Bodnaruk, Anastasia"]
[Black "Schepetkova, Margarita"]
[Result "0-1"]
[WhiteElo "2428"]
[BlackElo "2257"]
[Annotator "TA"]
[PlyCount "80"]
[EventDate "2020.10.08"]
[EventType "swiss"]
[EventCountry "RUS"]
[SourceTitle "playchess.com"]
[Source "ChessBase"]
[SourceQuality "1"]

{[%evp 19,80,0,0,0,0,0,13,0,2,-31,-17,-81,-59,-100,-89,-97,-68,-128,-98,-120,-120,-195,-212,-241,-223,-227,-169,-168,-181,-178,-185,-183,-186,-186,-181,-178,-184,-179,-174,-168,-160,-266,-270,-375,-373,-599,-593,-700,-699,-693,-691,-687,-679,-672,-670,-915,-891,-1464,-1456,-6744,-6744,-29987,-29988]} 1. e4 c5 2. Nf3 e6 3. d4 cxd4 4. Nxd4 Nc6 5. Nc3 Qc7 6. Be2 a6 7. Be3 Nf6 8. O-O Bb4 9. Na4 Be7 10. c4 Nxe4 11. Bf3 {Hoping for Nxc6. B49: Sicilian: Taimanov: 5 Nc3 Qc7 6 Be3 a6 7 Be2.} Ng5 12. c5 O-O 13. Rc1 {The position is equal.} Rb8 {[#]} 14. Bxc6 $146 ({Predecessor:} 14. Be2 Ne4 15. g3 e5 16. Nf5 d5 17. cxd6 Nxd6 18. Bb6 Qd7 19. Ne3 Nb5 20. Bd3 {0-1 (54) Lamoureux,C (2366)-Fierz,M (2317) Switzerland 2006}) 14... bxc6 15. f4 (15. f3 $11 {keeps the balance.}) 15... Ne4 $17 16. f5 e5 17. Ne2 a5 18. Qc2 {[#]} ({Better is} 18. Nec3 $15 Nf6 19. Qe2) 18... Nf6 $1 19. Bg5 Ba6 $36 {[%mdl 2048] Keeping White busy.} 20. Rfd1 (20. Rfe1 $17) 20... Rb4 $19 {Threatens to win with ...Bxe2.} 21. b3 Re8 22. Ng3 Nd5 23. Bxe7 Rxe7 24. Rxd5 cxd5 25. f6 {[#]} Re6 $1 {[%cal Re6f6]} 26. Nf5 Rxf6 27. Ne7+ Kf8 28. Nxd5 Qc6 29. Nab6 {[#]} Rxb6 $1 30. Nxf6 (30. Nxb6 $17 d6 31. h3) (30. cxb6 Qxc2) 30... Rb4 31. Nxh7+ Kg8 32. Ng5 $2 (32. Re1 f6 33. Qg6 Qxc5+ 34. Kh1) 32... Rg4 33. Qd2 {intending h3.} Bb7 {[%cal Rg4g2]} 34. Rc2 Qg6 35. c6 Bxc6 36. h4 Rxh4 37. Rc4 Rh5 38. Rg4 f6 39. Qd6 Rxg5 40. Qb8+ {[#]} Kf7 $1 {White got outplayed after the opening. Accuracy: White = 45%, Black = 95%.} 0-1

[Event "70th RUS-ch Women Higher League 2020"]
[Site "Sochi"]
[Date "2020.10.11"]
[Round "4.10"]
[White "Semenova, Elena"]
[Black "Bivol, Alina"]
[Result "1/2-1/2"]
[WhiteElo "2284"]
[BlackElo "2393"]
[Annotator "TA"]
[PlyCount "128"]
[EventDate "2020.10.08"]
[EventType "swiss"]
[EventCountry "RUS"]
[SourceTitle "playchess.com"]
[Source "ChessBase"]
[SourceQuality "1"]

{[%evp 19,128,0,-2,-16,-25,0,95,89,102,43,55,29,83,50,84,21,47,0,0,0,0,0,0,0,0,0,0,0,66,0,0,0,0,0,5,8,8,5,20,16,33,16,12,14,14,0,41,44,65,27,31,8,30,28,40,16,28,17,15,24,27,14,14,14,18,16,59,41,42,12,15,0,69,0,8,8,8,0,8,0,0,0,0,0,0,0,0,0,0,0,0,0,2,-8,-8,-8,-8,-8,-8,-28,-24,-20,0,-28,-28,-28,0,-20,0,-28,0]} 1. e4 e6 2. d4 d5 3. Nc3 Bb4 4. e5 c5 5. a3 Bxc3+ 6. bxc3 Ne7 7. Nf3 b6 8. a4 Ba6 9. Bb5+ Bxb5 10. axb5 Qd7 11. Rb1 {C19: French: 3 Nc3 Bb4: Main line: 7 Nf3 and 7 a4.} O-O {[#]} 12. h4 $146 ({Predecessor:} 12. O-O a6 13. Qe2 axb5 14. Rxb5 Qa7 15. Bg5 Nbc6 16. Rfb1 Rfb8 17. h3 h6 18. Be3 cxd4 19. Bxd4 Nxd4 20. cxd4 {½-½ (71) Kovacevic,A (2594)-Sedlak,N (2546) Vrsac 2010}) 12... f6 (12... a6 $11 {remains equal.}) 13. exf6 $16 {White is better.} Rxf6 14. Ne5 (14. dxc5 $16 bxc5 {[#]} 15. c4 $1 {[%mdl 512]}) 14... Qc7 15. Bg5 Rf5 (15... Rf8 $11 {keeps the balance.}) 16. g4 Rf8 17. Rh3 (17. h5 $16) 17... a6 18. bxa6 Nec6 19. Nxc6 Nxc6 20. dxc5 bxc5 21. Qe2 e5 22. h5 h6 23. Bc1 Qc8 (23... Qa5 $11) 24. Rg3 (24. Rf3 $14 Rxf3 25. Qxf3) 24... Rxa6 $11 25. g5 hxg5 26. Rxg5 {Black must now prevent h6.} Rf6 $132 {[%mdl 2048] Black is not keeping still} 27. Qg4 Qxg4 28. Rxg4 Kf8 29. Bg5 Re6 30. Rb7 Ra7 31. Rb5 Ra5 32. Rb7 d4 33. Bh4 Ra1+ 34. Kd2 (34. Ke2 $5 {[%cal Rg4g7]} Ne7 35. Bxe7+ Rxe7 36. Rxe7 Kxe7 37. Rxg7+ Ke6 38. Rc7 $16) 34... Rh1 35. Bg3 Ne7 36. Rg5 e4 $1 37. Rxc5 e3+ 38. Ke2 exf2+ $1 39. Kxf2 dxc3 40. Kg2 Rd1 41. Rxc3 Rd2+ 42. Kh3 {Rf3+ is the strong threat.} Kg8 43. Rc5 Rde2 44. c4 R6e3 45. Rg5 Kf7 ({Black should play} 45... Rc3 $11) 46. c5 ({Better is} 46. Rf5+ $14 Ke6 47. Rf8) 46... Kf6 47. Rg4 {And now c6 would win.} Rc2 48. Rc7 Kf7 49. Rg6 Rec3 50. Rg5 Kf6 51. Rg4 Re3 52. c6 Kf7 53. Rf4+ Ke8 54. Rg4 Kf7 55. Rg6 Kf8 56. Rxe7 Kxe7 57. Rxg7+ {[%mdl 4096] Endgame [#] KRR-KRB} Kf6 $1 {[%mdl 512]} 58. Rg6+ Kf5 59. Rd6 Rcc3 60. Rg6 Rc2 61. Kh4 Rc4+ 62. Kh3 Rc2 63. Rd6 Rcc3 64. Rg6 $1 Rc2 {Accuracy: White = 81%, Black = 81%.} 1/2-1/2

[Event "70th RUS-ch Women Higher League 2020"]
[Site "Sochi"]
[Date "2020.10.11"]
[Round "4.11"]
[White "Dordzhieva, Dinara"]
[Black "Paramzina, Anastasya"]
[Result "0-1"]
[WhiteElo "2354"]
[BlackElo "2237"]
[Annotator "TA"]
[PlyCount "144"]
[EventDate "2020.10.08"]
[EventType "swiss"]
[EventCountry "RUS"]
[SourceTitle "playchess.com"]
[Source "ChessBase"]
[SourceQuality "1"]

{[%evp 9,144,1,22,16,15,21,35,-8,-5,-12,14,16,35,30,70,6,47,0,115,107,91,0,17,0,20,27,23,-29,-31,-40,-32,-29,-37,-39,-37,-37,0,-36,-29,-139,-141,-133,-145,-125,-104,-229,-231,-440,-322,-312,-321,-395,-337,-324,-265,-320,-286,-339,-336,-327,-326,-310,-227,-227,-227,-227,-204,-227,-224,-216,-226,-329,-310,-367,-345,-324,-304,-248,-234,-285,-154,-171,0,-253,-87,-358,-350,-310,-295,-299,-118,-235,0,-228,-220,-1366,-1362,-1333,-1318,-1280,-1204,-1065,-807,-2108,-2083,-2035,-1941,-1852,-1726,-1419,-1475,-1197,-775,-2729,-2678,-2502,-2212,-2107,-971,-2016,-1354,-1653,-1653,-12839,-12839,-12839,-12839,-12842,-12840,-12843,-12844,-12845,-12845,-12845,-12846,-12846,-12846]} 1. d4 Nf6 2. c4 e6 3. Nf3 d5 4. g3 Bb4+ 5. Bd2 Bd6 6. Bg2 {E01: Catalan: Early deviations.} c6 7. Nc3 dxc4 8. e4 {Strongly threatening e5.White is slightly better.} Be7 9. a4 {[#]} O-O $146 ({Predecessor:} 9... Na6 10. O-O Nc7 11. a5 Nb5 12. Nxb5 cxb5 13. Qe2 a6 14. Rfd1 O-O 15. Bf4 Bb4 {1-0 (31) Akdogan,A (2278)-Beukema,C (1904) Manavgat 2018}) 10. O-O b6 11. Qe2 Ba6 12. Rfe1 (12. Rfd1 $14) 12... Re8 13. Bf4 b5 (13... Nbd7 $11 {remains equal.}) 14. axb5 $16 Bxb5 15. Rad1 ({White should play} 15. Ne5 $16) 15... Nbd7 $11 {[%cal Bb8d7,Bd7f8,Bf8g6][%mdl 32]} 16. Qc2 Bb4 17. Ng5 Nf8 18. Re2 (18. e5 $142 Nd5 19. Be4) 18... h6 19. Nf3 Ng6 20. Bd2 a5 21. h4 Qb6 22. Qc1 Bf8 23. Bh3 a4 24. g4 (24. h5 $11 {keeps the balance.} Ne7 25. Be3) 24... a3 $17 25. bxa3 Bxa3 26. Qc2 Qc7 27. e5 (27. Rb1 $17) 27... Nd5 $19 28. Qe4 $2 (28. Ree1) 28... Nxc3 29. Bxc3 {If only White now had time for g5....} c5 30. Bg2 Bc6 31. Qe3 cxd4 32. Bxd4 Be7 33. Rc1 Ra3 34. Rc3 Rxc3 35. Bxc3 Nxh4 36. Nxh4 Bxh4 37. Qc5 Rc8 38. Bxc6 Qxc6 39. Qxc6 Rxc6 {[%mdl 4096] Endgame KRB-KRB} 40. Ra2 (40. Kg2 $142) 40... f6 41. f4 fxe5 42. fxe5 Kf7 43. Kg2 Kg6 44. Kf3 Bd8 ({Better is} 44... Rb6 $19 45. Ke4 Rb3) 45. Ra8 Bh4 (45... Bg5 $142 46. Ke4 Rc7) 46. Ra2 $1 {[#]} h5 $2 (46... Rb6 $1 $19 {[%cal Rb6b3] has better winning chances. aiming for ...Rb3.} 47. Ke4 Rb3) 47. Rg2 $2 {[%mdl 8192]} (47. gxh5+ $17 Kxh5 48. Ra8) 47... Bg5 48. gxh5+ {[#]} Kf5 $1 ({Less strong is} 48... Kxh5 49. Ra2 $17) 49. Rg4 Bh6 $2 (49... Rc5 $19 {and Black stays clearly on top.} 50. Rd4 Rc7) 50. Kg3 (50. Rd4 $17 {is a better defense.}) 50... Bg5 51. Kf3 Rc8 52. Kg3 $2 (52. Re4) 52... Rh8 {Black is clearly winning.} 53. Rxc4 Rxh5 54. Ra4 Rh1 55. Ba1 Rd1 56. Ra7 Bf4+ 57. Kf3 Rd3+ 58. Ke2 Re3+ 59. Kf2 g5 60. Bd4 Rd3 {Hoping for ...Rd2+.} 61. Bc5 Rc3 62. Bd4 Rc4 63. Bb6 g4 (63... Rc2+ $142 64. Ke1 Kxe5) 64. Ra2 Bxe5 65. Kg2 g3 66. Re2 Bf4 67. Bd8 e5 68. Ba5 Rc6 69. Be1 Kg4 70. Ra2 Rh6 {( -> ...Rh2+)} 71. Ra3 Rh2+ 72. Kg1 Rc2 {Accuracy: White = 49%, Black = 72%.} 0-1

[Event "70th RUS-ch Women Higher League 2020"]
[Site "Sochi"]
[Date "2020.10.11"]
[Round "4.12"]
[White "Getman, Tatyana"]
[Black "Mironenko, Galina"]
[Result "1-0"]
[WhiteElo "2271"]
[BlackElo "2061"]
[Annotator "TA"]
[PlyCount "109"]
[EventDate "2020.10.08"]
[EventType "swiss"]
[EventCountry "RUS"]
[SourceTitle "playchess.com"]
[Source "ChessBase"]
[SourceQuality "1"]

{[%evp 15,109,18,8,20,20,0,8,0,0,0,0,0,50,0,0,0,100,117,112,29,59,40,192,164,207,85,170,154,265,230,222,139,237,215,323,116,193,194,208,205,393,394,651,339,740,726,1426,1311,1828,1639,5539,732,732,726,720,705,702,680,648,623,839,772,962,952,5214,4899,2898,2333,29973,29974,29974,29976,29981,29982,29983,29984,29985,29986,29986,29987,29987,29988,29988,29989,29992,29991,29991,29992,29992,29993,29995,29996,29996,29997,29998,29999]} 1. d4 Nf6 2. c4 e6 3. Nf3 b6 4. a3 Ba6 5. Qc2 Bb7 6. Nc3 c5 7. e4 cxd4 8. Nxd4 Bc5 9. Nf3 {E12: Queen's Indian: Unusual White 4th moves, 4 a3, 4 Nc3 Bb7 5 a3 and 4 Nc3 Bb7 .} Nc6 {[%cal Bb8c6,Bc6d4,Bd4f3][%mdl 32]} 10. b4 Nd4 11. Qd2 {The position is equal.} Nxf3+ 12. gxf3 Be7 13. Bb2 {[#]} Qb8 $146 ({Predecessor:} 13... a5 14. b5 Rc8 15. Rg1 g6 16. O-O-O Rc5 17. Na4 Rh5 18. e5 Ng8 19. f4 Nh6 {1-0 (56) Matlakov,M (2699)-Shcherbakov,R (2527) Moscow 2019}) 14. Rd1 O-O 15. Nb5 d5 (15... Bc6 $11 {keeps the balance.}) 16. cxd5 $16 exd5 17. e5 (17. exd5 Re8 $17) ({Better is} 17. Nd4 $16 dxe4 18. Nf5) 17... Nh5 18. f4 $1 {Black must now prevent Be2.} d4 $2 {[#]} (18... g6 $14) 19. Rg1 $36 {[%mdl 2048] White is on the roll.} Bf3 20. Rc1 (20. Bxd4 Bxd1 21. Qxd1 Nxf4 $17) (20. Nxd4 $18 {is the precise move to win.} Bxd1 21. Qxd1 Nxf4 22. Nf5 {[%mdl 64] Double Attack}) 20... Qb7 (20... a5 $16) 21. Nxd4 {Qe3 is the strong threat.} (21. Qxd4 $6 Rfd8 $14) 21... g6 (21... a5 $16) 22. Qe3 Bd5 23. Bd3 Ng7 (23... a5 $16) 24. f5 {Threatens to win with Ne2.} Rfe8 (24... Rad8 {was necessary.} 25. Ne2 (25. f6 Bxf6 26. exf6 Rfe8 $18) 25... Bg2) 25. Bb5 $2 {[#]} (25. Nb5 $18 {is more deadly.} Bf8 26. Rc7) 25... Bd6 (25... a5 $16) 26. Bxe8 ({But not} 26. exd6 $6 Rxe3+ 27. fxe3 Rd8 $14) 26... Rxe8 27. f4 ({Worse is} 27. exd6 Rxe3+ 28. fxe3 Ne8 $15) 27... f6 $2 (27... a5 28. Bc3 Nh5) 28. fxg6 hxg6 $2 (28... h5 29. Ne2 Be7) 29. Ne2 fxe5 $2 (29... Bf7 30. Qd3 Bb8 31. exf6 Nh5) 30. Rxg6 Qf7 31. Rxd6 exf4 32. Qd4 f3 33. Qxg7+ Qxg7 34. Bxg7 Rxe2+ 35. Kf1 Be6 36. Rxe6 Rxe6 {[%mdl 4096] Endgame KRB-KR} 37. Rc7 Re2 38. h4 Rh2 39. Rxa7 Rxh4 40. Kf2 Rf4 41. Bh6 Rf6 42. Be3 {White mates.} b5 43. Ra5 Kf8 44. Rxb5 Ra6 45. Ra5 Rf6 46. Ra7 Ke8 47. b5 {[%cal Bb4b5,Bb5b6][%mdl 32]} Rf5 48. a4 {[%cal Ba3a4,Ba4a5,Ba5a6,Ba6a7][%mdl 32]} Kd8 49. b6 Kc8 50. a5 Rb5 51. a6 Rb2+ 52. Kxf3 Rb3 53. Rh7 Rb2 54. a7 {[%cal Ra7a8]} Ra2 55. b7+ {Accuracy: White = 54%, Black = 17%.} 1-0

[Event "70th RUS-ch Women Higher League 2020"]
[Site "Sochi"]
[Date "2020.10.11"]
[Round "4.13"]
[White "Charochkina, Daria"]
[Black "Mukhina, Jana"]
[Result "1-0"]
[WhiteElo "2356"]
[BlackElo "2025"]
[Annotator "TA"]
[PlyCount "99"]
[EventDate "2020.10.08"]
[EventType "swiss"]
[EventCountry "RUS"]
[SourceTitle "playchess.com"]
[Source "ChessBase"]
[SourceQuality "1"]

{[%evp 19,99,3,71,43,55,15,29,32,48,34,41,29,43,33,35,26,30,9,35,-13,2,0,0,-16,0,-15,0,0,0,-4,42,41,48,47,41,35,58,64,60,59,82,55,118,0,0,0,122,1,228,210,202,193,279,281,261,260,353,345,334,342,335,337,308,320,450,435,440,420,500,500,1004,951,29988,29989,29989,5572,5122,5118,5081,4844,1929,820]} 1. d4 d5 2. c4 dxc4 3. e3 e6 4. Bxc4 c5 5. Nf3 Nc6 6. O-O Nf6 7. Qe2 cxd4 8. Rd1 Be7 9. exd4 O-O 10. Nc3 {10.a3 is vanishing.} Nb4 (10... Na5 $11 {remains equal.}) 11. a3 {D26: Queen's Gambit Accepted: 4 e3 e6 5 Bxc5 c5 sidelines.} Nbd5 {[#]} 12. Bg5 $146 ({Predecessor:} 12. Ne5 Bd7 13. Be3 Rc8 14. Rac1 Nxc3 15. Rxc3 Ba4 16. Re1 Nd5 17. Rcc1 Qd6 18. Ba2 Rfd8 {0-1 (31) Vinardi,E (2050)-Gil,J Villa Ballester 2003}) 12... Nxc3 13. bxc3 {White has an edge.} Nd5 14. Bxe7 Nxe7 15. Qe4 Nd5 16. Bd3 {[%csl Gd3][%cal Re4h7]} Nf6 17. Qh4 b6 18. Ne5 Bb7 19. Re1 h6 20. c4 Nd7 21. Qf4 Nxe5 22. Rxe5 Qf6 23. Qe3 $40 {[%mdl 128] White mounts an attack.} Rac8 24. Re1 Rfd8 {[#]} 25. d5 $1 {[%cal Rd5e6][%mdl 512]} Rd6 $1 (25... exd5 26. Re8+) 26. Qe4 {Black must now prevent Qh7+.} g6 27. Qe3 $1 {[%cal Rd5e6]} exd5 28. Qxh6 {White threatens Re8+ and mate.} Bc6 29. h4 $1 Qg7 30. Qf4 Rcd8 ({Black should play} 30... Qf6 $14 31. Qxf6 Rxf6) 31. Rg5 (31. h5 $1 $16 {[%cal Rh5g6] Threatens to win with hxg6.} dxc4 32. Bxc4) 31... dxc4 $11 32. Bxc4 Rd4 {[#]} (32... Qf6 $11 33. Qxf6 Rxf6) 33. Qc7 ({Only move:} 33. Qxf7+ $1 $16 {[%mdl 512]} Qxf7 34. Rxg6+ {[%mdl 64] Double Attack} Kf8 35. Bxf7) 33... Qf6 $2 {[#] This move loses the game for Black.} (33... Re8 $11 34. Rc1 Bd7) 34. Bxf7+ $1 $18 {[%mdl 512]} Qxf7 35. Qxc6 R8d6 (35... R4d6 $142 36. Qe4 Qf6) 36. Qc8+ Rd8 {[#]} 37. Qc2 $1 {Hoping for Re7!} Rd2 {( -> ...Qxf2+)} 38. Qxg6+ ({Weaker is} 38. Rxg6+ Kf8 $16) 38... Qxg6 39. Rxg6+ {[%mdl 4096] Endgame KRR-KRR} Kf7 40. Rc6 R8d7 41. Re3 Ra2 (41... Kg8 {was necessary.} 42. Rf3 Kh7) 42. Rf3+ Kg7 43. h5 b5 44. g4 Rb7 (44... Rad2 $142 45. Rf5 Rb2 46. Rg6+ Kh7) 45. g5 {Strongly threatening h6+.} a5 46. h6+ Kh7 47. g6+ (47. Rh3 $142 Rb8 48. g6+ Kh8 49. Rc7 Ra1+ 50. Kg2 Rc1 51. Rxc1 Rg8 52. Rg3) 47... Kxh6 {White is clearly winning.} 48. Rh3+ Kg5 {[#]} 49. g7 $1 {[%mdl 512]} Rxg7 50. Rg3+ {Accuracy: White = 76%, Black = 54%.} 1-0

[Event "70th RUS-ch Women Higher League 2020"]
[Site "Sochi"]
[Date "2020.10.11"]
[Round "4.14"]
[White "Lysenko, Margarita"]
[Black "Berezina, Mariya"]
[Result "1-0"]
[WhiteElo "2239"]
[BlackElo "1982"]
[Annotator "TA"]
[PlyCount "85"]
[EventDate "2020.10.08"]
[EventType "swiss"]
[EventCountry "RUS"]
[SourceTitle "playchess.com"]
[Source "ChessBase"]
[SourceQuality "1"]

{[%evp 13,85,9,16,8,31,32,39,27,29,37,20,36,56,106,133,131,127,129,120,129,128,132,363,354,336,329,306,201,202,184,196,189,189,181,191,182,168,172,245,224,218,179,207,201,236,233,281,272,317,313,320,300,435,374,469,452,526,534,486,484,802,764,798,653,645,655,6516,5826,11053,8456,6544,6174,2838,1707]} 1. d4 d5 2. c4 e6 3. Nc3 Be7 4. cxd5 exd5 5. Bf4 c6 6. e3 Bf5 7. Nge2 Nd7 8. h4 {D31: Queen's Gambit Declined: Semi-Slav without ...Nf6 (+ Marshall Gambit and Noteboom) and Exchange Variation lines without ...Nf6.} Bxh4 (8... Ngf6 {looks sharper.} 9. Ng3 Bg4 10. Qc2 Nh5 11. Nxh5 Bxh5 12. Bd3 Nb6) 9. Qb3 $1 {[%cal Rb3b7] [#]} b6 $146 ({Predecessor:} 9... Nb6 10. a4 Bc8 11. a5 Nc4 12. e4 Be7 13. exd5 cxd5 14. Nb5 Nd6 15. Nec3 Nf6 16. Nxd5 Nxd5 17. Qxd5 Nxb5 18. Bxb5+ {1-0 (33) Ding,L (2813)-Tang,A (2487) chess.com INT 2019}) 10. Rxh4 {White is slightly better.} Qxh4 {[#]} 11. Nxd5 $1 {[%mdl 512]} cxd5 12. Qxd5 Rc8 {...Ne7 is the strong threat.} 13. Qxf5 {aiming for Bg5.} Ne7 {[#]} 14. Qb5 $1 {[%mdl 1024] White has strong compensation.} Qg4 15. Nc3 O-O {[#]} 16. Be2 $1 {[%cal Re2g4]} Qe6 17. d5 $36 {[%mdl 2048] Keeping Black busy.} Qf5 $2 (17... Qf6 $16 {was worth a try.}) 18. g4 $18 a6 19. Qa4 ({Less strong is} 19. gxf5 axb5 20. Bxb5 Nf6 $16) ({Weaker is} 19. Qxa6 Qc2 $14) 19... b5 20. gxf5 bxa4 21. Bxa6 a3 22. Bxc8 Rxc8 23. Kd2 axb2 24. Rb1 Nxf5 25. Rxb2 h5 (25... f6 $142 26. Rb7 Ne5) 26. Rb7 Nc5 27. Rb8 Rxb8 28. Bxb8 {[%mdl 4096] Endgame KBN-KNN} h4 29. e4 Nd7 30. Bc7 ({Resist} 30. exf5 $6 Nxb8 31. Ke2 Kf8 $18) 30... Ne7 31. Ke3 f6 32. a4 {[%cal Ba2a4,Ba4a5,Ba5a6,Ba6a7][%mdl 32]} g5 (32... Kf8 $142 33. Kf3 Nc5) 33. f3 Kf7 34. a5 {White is clearly winning.} Nc8 35. Nb5 Ke7 36. a6 Ncb6 (36... Ndb6 $142 37. Kd4 Kd7) 37. a7 Na8 38. Bd6+ Kd8 {[#]} 39. Nc7 $1 {[%mdl 512]} Ndb6 (39... Nxc7 40. Bxc7+) 40. Nxa8 Nxa8 41. Kf2 Kd7 42. Bc5 Ke8 43. Kg2 {White took control after the opening. Accuracy: White = 89%, Black = 52%.} 1-0